Rating relief simply explained (Record no. 114820)

MARC details
000 -LEADER
fixed length control field 00558cam a22001815a 4500
001 - CONTROL NUMBER
control field L157524
008 - FIXED-LENGTH DATA ELEMENTS--GENERAL INFORMATION
fixed length control field 130109s1928 xxk f 000 0 eng d
035 ## - SYSTEM CONTROL NUMBER
System control number (Sirsi) u157524
041 0# - LANGUAGE CODE
Language code of text/sound track or separate title eng
100 1# - MAIN ENTRY--PERSONAL NAME
Personal name Henderson, J. Scott
245 00 - TITLE STATEMENT
Title Rating relief simply explained
260 ## - PUBLICATION, DISTRIBUTION, ETC.
Place of publication, distribution, etc. London
Name of publisher, distributor, etc. Rating and Income Tax
Date of publication, distribution, etc. [1928]
300 ## - PHYSICAL DESCRIPTION
Extent 45p.
Dimensions 22cm.
520 ## - SUMMARY, ETC.
Summary, etc. Describes the type pf premises which are open to relief, and the process of obtaining such relief.
651 #4 - SUBJECT ADDED ENTRY--GEOGRAPHIC NAME
Geographic name England and Wales
Chronological subdivision 1543-
690 ## - LOCAL SUBJECT ADDED ENTRY--TOPICAL TERM (OCLC, RLIN)
Topical term or geographic name as entry element Finance and taxation
942 ## - ADDED ENTRY ELEMENTS (KOHA)
Suppress in OPAC 0
Holdings
Withdrawn status Lost status Source of classification or shelving scheme Damaged status Not for loan Home library Current library Shelving location Date acquired Total Checkouts Full call number Barcode Date last seen Copy number Price effective from Koha item type
    Dewey Decimal Classification     London London Basement 09/01/2013   RESERVE 30078739 06/08/2019 1 06/08/2019 Book